| 000 | 00445pab a2200169 454500 | ||
|---|---|---|---|
| 008 | 180718b2018 xxu||||| |||| 00| 0 eng d | ||
| 100 | _aSaxena, Naresh Chandra | ||
| 245 | _aGovernance challenges in the north east | ||
| 260 | _c2018 | ||
| 300 | _ap.18-21. | ||
| 362 | _aApr | ||
| 650 | _aGovernance - North East | ||
| 650 | _aPublic administration - North East | ||
| 650 | _aPublic administration | ||
| 773 | _aYojana | ||
| 909 | _a117333 | ||
| 999 |
_c117327 _d117327 |
||